| 000 | 01144nam a22003257a 4500 | ||
|---|---|---|---|
| 003 | CHAP | ||
| 005 | 20220817041459.0 | ||
| 008 | 971013s1984 r 00010 d | ||
| 010 | _a15705 | ||
| 011 | _a16677 | ||
| 035 | _a20759 | ||
| 040 | _cCHAP | ||
| 090 | _aTesis | ||
| 100 | 0 | 0 |
_aGuantos Trejo, Guadalupe. _951003 |
| 245 | _aIncidencia de enfermedades en 34 líneas y una variedad de chile ancho (Capsicum annum L.) en la localidad de Marín, N.L. | ||
| 260 |
_aMarín, N.L. : _bEl autor, _c1984 |
||
| 300 |
_a52 h. _b; gráfs |
||
| 502 | _aTesis (Ing. Agrónomo Fitotecnista) -- Universidad Autónoma de Nuevo León. Fac. de Agronomía | ||
| 590 |
_aALEPH _b10 _c20130110 _lUCH01 _h1237 |
||
| 590 |
_aBATCH-UPD _b10 _c20130110 _lUCH01 _h1907 |
||
| 590 |
_aBATCH-UPD _b10 _c20130410 _lUCH01 _h1235 |
||
| 590 |
_aBATCH-UPD _b10 _c20130914 _lUCH01 _h0923 |
||
| 590 |
_aCONVERSION _b10 _c20130109 _lUCH01 _h1310 |
||
| 650 | 1 | 4 |
_aChile (Botánica) _xEnfermedades. _922353 |
| 650 | 1 | 4 |
_aChile (Botánica) _xVariedades. |
| 650 | 1 | 4 |
_aChile poblano. _922495 |
| 901 | _aBK | ||
| 942 | _cTESIS | ||
| 949 |
_bBC _cTES _d-48363 _eTS1 _h19113 _i20759 _mD _si |
||
| 999 |
_c15705 _d15705 |
||